Missing Word: Artists with Number Quiz Stats

Quiz Updated Dec 13, 2013

Challenge
Share
Tweet
Embed
Score 0/16 Timer 02:00
0 Plays Today
Band Missing Word % Correct
Nine Inch ____Nails
95.8%
___ 182Blink
90.3%
50 ___Cent
86.5%
___ 5Maroon
86.4%
3 ___ DownDoors
83.5%
98 ___Degrees
71.5%
5 for ___Fighting
60.5%
Ben ___ FiveFolds
56.7%
Band Missing Word % Correct
___ 20Matchbox
56.1%
2 Live ___Crew
50%
10,000 ___Maniacs
47.2%
Three Days ___Grace
45.1%
___ 65Eiffel
37.6%
___ ElevenFinger
33.4%
___ 6Eve
22.2%
___ 7Zero
5.2%

Today's Daily Dose

You're not logged in!

Compare scores with friends on all Sporcle quizzes.
Join for Free
OR
Log In

You Might Also Like...

Show Comments

Extras

Top Quizzes Today


Score Distribution

Your Account Isn't Verified!

In order to create a playlist on Sporcle, you need to verify the email address you used during registration. Go to your Sporcle Settings to finish the process.

Report this User

Report this user for behavior that violates our Community Guidelines.

Details: